EBSU journal of international law & juridical review (Record no. 38163)

MARC details
000 -LEADER
fixed length control field 00511nam a2200169Ia 4500
022 ## - INTERNATIONAL STANDARD SERIAL NUMBER
ISSN 21414602
050 ## - CALL MARK
Classification number K 60 .E30/
245 #0 - TITLE STATEMENT
Title EBSU journal of international law & juridical review
260 ## - PUBLICATION, DISTRIBUTION, ETC. (IMPRINT)
Place of publication Ebonyi State, Nigeria.
260 ## - PUBLICATION, DISTRIBUTION, ETC. (IMPRINT)
Name of publisher Heirloom education service
260 ## - PUBLICATION, DISTRIBUTION, ETC. (IMPRINT)
Year of publication 2016
300 ## - PHYSICAL DESCRIPTION
Number of Pages viii, 191 p. ; 28 cm.
650 ## - SUBJECT ADDED ENTRY--TOPICAL TERM
Topical Term International law--Nigeria. Judicial review--Nigeria. Law reviews--Nigeria.
942 ## - ADDED ENTRY ELEMENTS (KOHA)
Koha item type Serials

No items available.